00941nam a22002297a 4500003000700000005001700007008004100024020001800065040003300083041000800116110006400124245019000188260003700378300003600415336002800451337003000479338002700509610006300536650005000599650002600649650003600675CBULib20240813073730.0230705b |||||||| |||| 00| 0 eng d a9789211130751 aCBULibcCBULibbEnglisherda aeng aUnited Nations Conference in Trade and Development (UNCTAD) aTrade and development Report 2022 : development prospects in a fractured world : global disorder and regional responsesc/ by United Nations Conference in Trade and Development (UNCTAD) aGeneva : bUnited Nations,c2023 axiii, 220 pages : illustrations 2rdacontentaText |btxt 2rdamediaaUnmediated |bn 2rdacarrieraVolumebnc aUNITED NATIONS CONFERENCE ON TRADE AND DEVELOPMENT(UNCTAD) aINTERNATIONAL ECONOMIC RELATIONS--PERIODICALS aTRADE AND DEVELOPMENT aGLOBALIZATION--ECONOMIC ASPECTS